LEADER 01102naa a2200217 u 4500 001 000000098258 003 CaOOAMICUS 005 20070226130154.0 008 050524s1984 it u000 u ita u 035 $a11046888 040 $aIAR$bita 100 1 $aFusillo, Massimo.$0(OLS)http://pul/name/61953 245 13$aL'>Alessandra< di Licofrone :$bRacconto epico e discorso "drammatico" /$cMassimo Fusillo. 260 $aPisa :$bScuola Normale,$c1984. 300 $aS. 495-525 ;$c25 cm 600 04$aLycophron,$dsec. IV-III a.C.$tAlexandra$9(Lycophron, sec. IV-III a.C.).$0(OLS)http://pul/subject/31371 730 0 $aAnnali della Scuola normale superiore di Pisa, Classe di lettere e filosofia$g[Spogli].$0(OLS)http://pul/title/24292 773 0 $tAnnali della Scuola Normale Superiore di Pisa$gSerie III, vol. XIV,2 (1984). 773 0 $tAnnali della Scuola normale superiore di Pisa, Classe di lettere e filosofia$w()16982 996 $6245$aL'>Alessandra< di Licofrone :$bRacconto epico e discorso "drammatico"$9(OLS)http://pul/title/125138 996 $6260$aPisa :$bScuola Normale$9(OLS)http://pul/publisher/79182 LEADER 01670nam a2200349 a 4500 001 000000164359 003 CaOOAMICUS 005 20171120093407.0 008 171120m19251926it u000 u ita r 032 $aLibriCat 040 $aPUL$bita 100 1 $aPiola, Giuseppe.$0(OLS)http://pul/name/105675 245 10$aDelle persone incapaci /$cavv. Giuseppe Piola. 250 $a2. ed. messa al corrente della recente dottrina e giurisprudenza / dall'avv. Raffaele Sabato. 260 $aNapoli :$bE. Marghieri ;$aTorino :$bUTET,$c1925-1926. 300 $a2 v. ;$c24 cm. 490 1 $aIl diritto civile italiano secondo la dottrina e la giurisprudenza 500 $aSul frontespizio della serie: parte seconda. Delle persone. 650 4$aPersone (diritto).$0(OLS)http://pul/subject/33872 650 4$aDiritto civile$zItalia.$0(OLS)http://pul/subject/3770 700 1 $aSabato, Raffaele.$0(OLS)http://pul/name/105676 830 3$aIl diritto civile italiano secondo la dottrina e la giurisprudenza.$0(OLS)http://pul/title/204040 850 $aPUL 852 $aPUL$W1$xDP2 Diritto e Scienze Sociali 1$y65$m250 F 1.6$j188484$bv. 1$qStampati$B191650$CPULBib$Z2$F191650 $81 852 $aPUL$W1$xDP2 Diritto e Scienze Sociali 1$y65$m250 F 1.7$j188485$bv. 2$qStampati$B191651$CPULBib$Z2$F191651 $81 941 1 $a8 961 $aEx libris: U.mi Viri A. Borettini. 961 $aEx libris: U.mi Viri A. Borettini. 996 $6245$aDelle persone incapaci$9(OLS)http://pul/title/204042 996 $6260$aNapoli :$bE. Marghieri$9(OLS)http://pul/publisher/53540 996 $6260$aTorino :$bUTET$9(OLS)http://pul/publisher/48088